000 00985nas a2200229 454500
001 19372
005 20260407193505.0
008 260407s ####ag###########|||spa#d
003 AR-UNSa-BCEJYS
040 _aAR-UNSa-BCEJYS
_bspa
_cAR-UNSa-BCEJYS
080 _a35
_xAdministración Pública
245 1 0 _aComentarios a la Ley 23.696 de reforma administrativa
264 1 _aBuenos Aires :
_bCiencias de la Administración
310 _aFrecuencia: irregular Comentarios de Jesús L. Abad Hernando; Rodolfo C. Barra; Alberto B. Bianchi; Juan C. Cassagne; Julio R. Comadira; Guillermo E. Fanelli Evans; David A. Halperin; Héctor Mairal; Gustavo A. Revidatti
942 _cSER
590 _aniveau_biblio:s niveau_hierar:1
650 _aADMINISTRACION PUBLICA
650 _aEstado
650 _a ley 23 696
650 _aLey 23.696
856 4 1 _uhttps://biblioeco.unsa.edu.ar/pmb/images/revistas/Comentarios a la Ley 23.696 de Reforma Administrativa.jpg
_yImagen de portada
_qimage/jpeg
999 _c8522
_d8522